| 000 | 00903nas a2200301 4500 | ||
|---|---|---|---|
| 001 | BR0402539 | ||
| 003 | BR-BrBNA | ||
| 005 | 20231205104601.0 | ||
| 007 | ta | ||
| 008 | 230509b bl.|||p| |||| 00| 00por d | ||
| 040 |
_aBR-BrBNA _bpor _cBiblioteca Nacional de Agricultura |
||
| 041 | _a(Pt) | ||
| 072 | _aJ11 | ||
| 100 | 1 | _aFonseca, M.J. de O. | |
| 100 | 1 | _aCenci, S.A. | |
| 100 | 1 | _aLeal, N.R. | |
| 100 | 1 | _aBotrel, N. | |
| 245 | 1 | _aUso de atmosfera controlada para conservação pós-colheita do mamão 'Golden' | |
| 650 | _aMAMÃO | ||
| 650 | _aPRESERVAÇÃO DE ALIMENTO | ||
| 650 | _aPÓS-COLHEITA | ||
| 650 | _aEXPORTAÇÃO | ||
| 650 | _aARMAZENAMENTO DE ALIMENTO | ||
| 650 | _aQUALIDADE | ||
| 773 | 0 |
_tRevista Brasileira de Fruticultura (Brazil) _xISSN 0100-2945 _g(Dec 2003), v. 25(3) p. 537-539 _wBR0402539 |
|
| 909 |
_a202311 _bLúcia _c55 _dLúcia Elande |
||
| 942 |
_2AGRIS _n0 _cANA |
||
| 999 |
_c178832 _d178832 |
||